000 00366cam a2200157ua 4500
041 _aeng
_h
082 _a828.09
_bREA/BY
100 _aRead, Herbert .
245 _aByron /
_cHerbert Read.
_hTextual Documents
250 _a1 /
_b.
260 _aLondon :
_bLongman Green and Co ,
_c1961.
300 _a43 ; .
504 _a
942 _cBK
999 _c6849
_d6849